| 000 | 02749nam0a2200397 4500 | ||
|---|---|---|---|
| 001 | RU\NLR\BIBL_A\012476900 | ||
| 005 | 20251107110446.0 | ||
| 010 |
_a978-5-907344-48-8 _9500 |
||
| 021 |
_aRU _bКН-П-20-070096 _9КН-П-20-5271 |
||
| 035 | _a(NLR Aleph) 012476900 | ||
| 035 | _a(RuMoRGB)010476808 | ||
| 090 |
_a12109134 _c12109134 |
||
| 100 | _a20210317d2020 u y0rusy50 ca | ||
| 101 | 0 | _arus | |
| 102 | _aRU | ||
| 105 | _aa|||j|||000zy | ||
| 181 | 0 |
_ai _baxxe |
|
| 182 | 0 | _an | |
| 200 | 1 |
_aИскусственный интеллект. Прикладные аспекты применения нейронных сетей в системах управления инфокоммуникациями _eучебное пособие _e[для студентов профильных специальностей: 09.03.01 "Информатика и вычислительная техника", 09.03.04 "Программная инженерия", 11.03.02 (11.04.02) "Инфокоммуникационные технологии и системы связи"] _fВ.С. Елагин, А.Г. Владыко, Р.И. Пупцев, Д.В. Окунева _gФедеральное агентство связи, Федеральное государственное бюджетное образовательное учреждение высшего образования "Санкт-Петербургский государственный университет телекоммуникаций им. проф. М.А. Бонч-Бруевича" (СПбГУТ) |
|
| 203 |
_aТекст _bвизуальный _cнепосредственный |
||
| 210 |
_aСанкт-Петербург _cСПбГУТ _d2020 |
||
| 215 |
_a71 с. _cил., табл. _d21 |
||
| 320 | _aБиблиогр.: с. 68-71 (51 назв.) | ||
| 517 | 1 | _aПрикладные аспекты применения нейронных сетей в системах управления инфокоммуникациями | |
| 606 | 1 |
_aИскусственные нейронные сети _xПрименение в электросвязи _jУчебные издания для высших учебных заведений _2nlr_sh2 _3RU\NLR\AUTH\6601685618 |
|
| 686 | 1 | _aЗ818я73-1 | |
| 686 | 1 | _aЗ88я73-1 | |
| 701 | 1 |
_aЕлагин _bВ. С. _gВасилий Сергеевич |
|
| 701 | 1 |
_aВладыко _bА. Г. _gАндрей Геннадьевич |
|
| 701 | 1 |
_aПупцев _bР. И. _gРинат Игоревич |
|
| 701 | 1 |
_aОкунева _bД. В. _gДарина Владимировна |
|
| 942 | _cBOOK | ||
| 980 | _aNBR | ||
| 980 | _aNB | ||